00731nam a2200193Ia 4500008004100000020001800041022001500059040001300074082001400087245012200101260003000223300003200253500011800285650003700403650003800440700002100478700001600499700002200515191130s2001##################000#0#eng## a9780471521655 a2001024348 aACLcACL a332.6 DUN aDevelopments in forecast combination and portfolio choicecedited by Christian Dunis, Allan Timmermann and John Moody aHoboken, N.JbWileyc2001 axxvi, 315 p. : ill. ; 26 cm aSelected proceedings from a conference held in London in June 2000. Includes bibliographical references and index aInvestment analysis - Congresses aPortfolio management - Congresses aDunis, Christian aMoody, John aTimmermann, Allan